01820nam a2200433 i 4500001000700000003000800007005001700015006001900032007001500051008004100066020002700107035002200134040003100156050002100187080001600208082001500224100004000239245025100279264006300530300004000593336003100633337003300664338004300697504004300740588008300783590016200866650001301028650004101041650002001082650001301102650003301115650002601148655002701174700004401201700004101245797001801286856006301304999001901367138709FINmELB20241217181231.0m o u cr cn|||||||||211230s2019 ck ob 000 0 spa d a9789585569492 (e-book) a(OCoLC)1292943625 aFINmELBbspaerdacFINmELB14aTP339bA553 2019 a661.728.09804a662.882231 aAndrade Castañeda, Hernán Jair.10aEstimación rápida y sencilla del carbono en la biomasa de bosques andinos y altoandinos y herbazales no arbolados del Tolima y Boyacá, Colombia /cHernán Jair Andrade Castañeda, Milena Andrea Segura Madrigal, Astrid Carolina Sons Anaya. 1aIbagué :bSello Editorial Universidad del Tolima,c2019. a1 recurso en línea (57 páginas) atextobtxt2rdacontent/spa acomputadorabc2rdamedia/spa arecurso en líneabcr2rdacarrier/spa aContiene referencias bibliográficas. aDescripción basada en metadatos suministrados por el editor y otras fuentes. aRecurso electrónico. Santa Fe, Arg.: elibro, 2021. Disponible vía World Wide Web. El acceso puede estar limitado para las bibliotecas afiliadas a elibro. 0aBiomass. 0aPlantsxEffect of carbon dioxide on. 0aBiomass energy. 4aBiomasa. 4aPlantasxEfecto del carbono. 4aEnergía de biomasa. 4aLibros electrónicos.1 aSegura Madrigal, Milena Andrea,eautor.1 aSons Anaya, Astrid Carolina,eautor.2 aelibro, Corp.40uhttps://elibro.net/ereader/politecnicointernacional/122240 c138709d138709